Proyecto de salud vivencial/
El Centro Feminista de Información y Acción (CEFEMINA) es una asociación sin fines de lucro con el objetivo común de mejorar el bienestar de las mujeres y su condición de desventaja en muchos campos de la vida. El concepto de salud vivencial se refiere a la salud comunitaria y se busca a través de...
Kaydedildi:
| Yazar: | |
|---|---|
| Diğer Yazarlar: | |
| Materyal Türü: | Kitap |
| Dil: | Spanish |
| Baskı/Yayın Bilgisi: |
Costa Rica:
Centro Feminista de Información y Acción,
sin fecha
|
| Konular: | |
| Etiketler: |
Etiketle
Etiket eklenmemiş, İlk siz ekleyin!
|
MARC
| LEADER | 00000nam a22000007a 4500 | ||
|---|---|---|---|
| 003 | cru CIDCACS/IIS | ||
| 005 | 20220420111209.0 | ||
| 007 | ta | ||
| 008 | 200702n cr |||||r|||||||| ||spa|d | ||
| 040 | |c cru CIDCACS/IIS | ||
| 090 | |a 09879.00 | ||
| 100 | 1 | |9 9411 |a Kaminsky, Norma | |
| 245 | 1 | |a Proyecto de salud vivencial/ |c Norma Kaminsky, Gloria Villalobos | |
| 260 | |a Costa Rica: |b Centro Feminista de Información y Acción, |c sin fecha | ||
| 300 | |a 9 páginas | ||
| 520 | |a El Centro Feminista de Información y Acción (CEFEMINA) es una asociación sin fines de lucro con el objetivo común de mejorar el bienestar de las mujeres y su condición de desventaja en muchos campos de la vida. El concepto de salud vivencial se refiere a la salud comunitaria y se busca a través de ella mejorar la salud de los pueblos dependiendo menos del estado. CEFEMINA, procura la solución del problema de la vivienda, la salud (en especial de los niños) y el problema de la planificación familiar. Se analiza la clasificación de la organización, su estructura legal y formal, tipo de miembros que la conforman, los objetivos generales de la organización, fuentes de financiamiento, así como el papel de la iglesia, de otras organizaciones existentes y actividades principales. También se vislumbra la relación existente entre el proyecto de salud vivencial con las municipalidades locales, las dificultades que se tienen con los transportes y los medios de comunicación masiva, además de la relación de CEFEMINA con el Estado. Finalmente se da a conocer todas las actividades realizadas por la organización así como sus planes para el futuro. OB/JM | ||
| 650 | 0 | |9 88 |a MUJERES | |
| 650 | 4 | |9 1969 |a ORGANIZACIONES FEMENINAS | |
| 650 | 0 | |9 2125 |a PARTICIPACION SOCIAL | |
| 650 | 0 | |9 2449 |a SALUD | |
| 650 | 0 | |9 861 |a VIVIENDA | |
| 650 | 0 | |9 3899 |a PLANIFICACION FAMILIAR | |
| 650 | 0 | |9 4278 |a ORGANIZACIONES SIN FINES DE LUCRO | |
| 651 | 0 | |9 32 |a COSTA RICA | |
| 700 | 1 | |9 9412 |a Villalobos, Gloria | |
| 942 | |2 ddc |c LI | ||
| 999 | |c 43231 |d 43231 | ||
